| 000 | 00738nam a2200181 a 4500 | ||
|---|---|---|---|
| 001 | 4278 | ||
| 005 | 20221127090912.0 | ||
| 008 | 150708s lsu a |o00000 ara d | ||
| 035 | _a707 | ||
| 082 | 0 | 4 |
_a378.0409531 _bس403 |
| 110 | 0 |
_aالسعودية. _bوزارة التعليم العالي. |
|
| 245 | 1 | 2 |
_aالتعليم العالي الاهلي / _cوزارة التعليم العالي. |
| 260 |
_aالرياض : _bوزارة التعليم العالي، _c1435[2014]. |
||
| 300 |
_a91 ص. : _bايض. ملونة ؛ _c23 سم. |
||
| 650 | 4 |
_aالتعليم العالي _zالسعودية. |
|
| 650 | 4 |
_aالجامعات والكليات _zالسعودية. |
|
| 650 | 4 |
_aالتعليم الخاص _xالجوانب الاقتصادية. |
|
| 999 |
_c4276 _d4276 |
||